Vista normal
Vista MARC
Entrada Personal Name
Número de registros utilizados en: 1
001 - CONTROL NUMBER
- control field: 358
003 - CONTROL NUMBER IDENTIFIER
- control field: DLC
005 - DATE AND TIME OF LATEST TRANSACTION
- control field: 20250513163954.0
008 - FIXED-LENGTH DATA ELEMENTS
- fixed length control field: 950726n| acannaabn |n aaa c
010 ## - LIBRARY OF CONGRESS CONTROL NUMBER
- LC control number: nr 95027273
035 ## - SYSTEM CONTROL NUMBER
- System control number: (OCoLC)oca03885897
040 ## - CATALOGING SOURCE
- Original cataloging agency: NjP
- Language of cataloging: spa
- Transcribing agency: Mx-PuUPA
- Modifying agency: DLC
- Modifying agency: OCoLC
- Modifying agency: Mx-PuUPA
- Description conventions: rda
046 ## - SPECIAL CODED DATES
- Birth date: 1937
053 #0 - LC CLASSIFICATION NUMBER
- Classification number element--single number or beginning number of span: PQ7298.32.A393
100 1# - HEADING--PERSONAL NAME
- Personal name: Valencia, Tita,
- Dates associated with a name: 1937-
370 ## - ASSOCIATED PLACE
- Place of birth: México D.F.
374 ## - OCCUPATION
- Occupation: Autora
375 ## - GENDER
- Gender: mujer
377 ## - ASSOCIATED LANGUAGE
- Language code: spa
670 ## - SOURCE DATA FOUND
- Source citation: Minotauromaquia, 1976:
- Information found: t.p. (Tita Valencia)
670 ## - SOURCE DATA FOUND
- Source citation: LC in RLIN, 7-25-95
- Information found: (hdg.: Valencia, Tita)
670 ## - SOURCE DATA FOUND
- Source citation: Rafael Nieto, 1998:
- Information found: t.p. (Tita Valencia) p. 4 of cover (b. 1937 in México, D.F.)